| 000 | 00492cam a2200193ua 4500 | ||
|---|---|---|---|
| 001 | 10767 | ||
| 005 | 20260515114647.0 | ||
| 008 | 190402n ii |||gr||||Z||||||eng | ||
| 020 | _a8178901269 | ||
| 040 | _cMAIN | ||
| 082 | _a327.03 | ||
| 100 |
_aTaruna Sareen, _eAuthor. |
||
| 245 |
_aDictionary of international relations _cBy Taruna Sareen |
||
| 250 | _a1st ed. | ||
| 260 |
_aDelhi: _bIVY publishing house, _c2005. |
||
| 300 | _a378p. | ||
| 653 | _aInternational relations | ||
| 942 | _cBK | ||
| 999 |
_c9722 _d9722 |
||